Statistiche per Primi 15 paesi interessati da Covid-19 - 7 luglio 2021

Clicka qui per fare il quiz!

Statistiche generali

  • Questo quiz è stato fatto 2 volte
  • Il punteggio medio è 20 su 27

Statistiche sulle risposte

paese% Corretto
Argentina
100%
Brasile
100%
Francia
100%
Germania
100%
India
100%
Iran
100%
Israele
100%
Italia
100%
Messico
100%
Regno Unito
100%
Russia
100%
Slovenia
100%
Spagna
100%
Stati Uniti
100%
Svezia
100%
Turchia
100%
Belgio
50%
Cechia
50%
Colombia
50%
Georgia
50%
Paesi Bassi
50%
Panama
50%
Polonia
50%
Uruguay
50%
Bahrain
0%
Estonia
0%
Lituania
0%

Distribuzione punteggi

Percentile per numero di risposta

Percentuale di utenti per punteggio

I tuoi punteggi nel tempo

Non hai fatto questo quiz